000 00250nam a22001217a 4500
008 181217b xxu||||| |||| 00| 0 eng d
041 _aeng
080 _a616
100 _a9
101 _aPAT
245 _aPathophysiology
_cPall.V
942 _2udc
_cBK
999 _c53211
_d53211